000 03993nam0a2200445 4500
001 RU\NLR\bibl\1796093
005 20260408061009.0
010 _a978-5-904542-09-2
_9700
021 _aRU
_b2011-52397
_93734
035 _a(nilc)RSL-KNO-004971202
035 _a(NLR Aleph) 001786777
090 _a1732145
_c1732145
100 _a20110711d2011 |||y0rusy50 ca
101 0 _arus
102 _aRU
105 _ay |||||||||
200 1 _aНаучно-методические аспекты учета, анализа и аудита в социальной сфере
_eсборник научных и учебно-методических работ профессорско-преподавательского состава по итогам конференций в рамках комплексной НИР "Проблемы учета, анализа и аудита в социальной сфере"
_f[под ред. д.э.н., проф. В. А. Свободина, к.э.н., доц. В. А. Гирника]
210 _aМосква
_cИП Глущенко Валерий Владимирович
_d2011
215 _a231 с.
_d20
300 _aВ надзаг.: Российский гос. социальный ун-т, Фак. социального страхования, экономики и социологии труда, Каф. бухгалтерского учета и аудита
320 _aБиблиогр. в конце ст.
327 1 _aСодерж.: Наука и практика в высшей школе: по итогам научно-практической конференции "Актуальные проблемы учета, анализа и аудита в социальной сфере", 20 апреля 2011 г. Методика преподавания в высшей школе: по итогам учебно-методической конференции "Совершенствование методики преподавания в высшей школе", 28 апреля 2011 г.
464 0 _12001#$aНаука и практика в высшей школе$eпо итогам научно-практической конференции 20 апреля 2011 г. "Актуальные проблемы учета, анализа и аудита в социальной сфере"
_tНаука и практика в высшей школе
464 0 _12001#$aМетодика преподавания в высшей школе$eпо итогам учебно-методической конференции 28 апреля 2011 г. "Совершенствование методики преподавания в высшей школе"
_tМетодика преподавания в высшей школе
606 1 _aБухгалтерский учет
_jСборники
_yРоссийская Федерация
_92073607
_3RU\NLR\auth\661248526
606 1 _aАудит
_jСборники
_yРоссийская Федерация
_92075686
_3RU\NLR\auth\661250767
686 _aУ052.9(2)20я43
_2rubbk
686 _aУ053.9(2)я43
_2rubbk
686 _aУ052.9(2)2я43
686 _aУ052.9(2)2-218я43
702 1 _4340
_8rus
_7ca
_aСвободин
_bВ. А.
_gВалентин Андреевич
_3RU\NLR\auth\7744343
_927284
711 1 2 _a"Актуальные проблемы учета, анализа и аудита в социальной сфере", научно-практическая конференция
_f2011
_eМосква
_3RU\NLR\AUTH\8810205198
_9298167
711 1 2 _a"Совершенствование методики преподавания в высшей школе", учебно-методическая конференция
_f2011
_eМосква
_3RU\NLR\AUTH\8810205199
_9298168
801 0 _aRU
_bRuMoRKP
_c20110711
_grcr
801 1 _aRU
_bРГБ
_c20110711
801 2 _aRU
_bNLR
_c20110808
_grcr
942 _cBOOK
980 _aNB
980 _aNBR